US Presidents' Birth States Quiz Stats

 Plays Quiz Updated Jan 20, 2021

     
Support Sporcle.
Go Orange.
Score 0/45 Timer 08:00
6 Plays Today
President State % Correct
George WashingtonVirginia
94.7%
Thomas JeffersonVirginia
85.3%
James MadisonVirginia
80.4%
Donald TrumpNew York
79.2%
James MonroeVirginia
79.1%
John AdamsMassachusetts
77%
John Quincy AdamsMassachusetts
73.1%
Barack ObamaHawaii
72.9%
Bill ClintonArkansas
67.2%
Joe BidenPennsylvania
66.7%
John F. KennedyMassachusetts
59.5%
Abraham LincolnKentucky
57%
Jimmy CarterGeorgia
56.6%
Franklin D. RooseveltNew York
53.6%
Lyndon B. JohnsonTexas
52.9%
Theodore RooseveltNew York
51.3%
Martin Van BurenNew York
50.3%
Richard M. NixonCalifornia
49.4%
Andrew JacksonSouth Carolina
47.1%
George W. BushConnecticut
45.5%
John TylerVirginia
44.8%
William HarrisonVirginia
44.7%
Harry S. TrumanMissouri
40%
President State % Correct
James GarfieldOhio
38.8%
Rutherford B. HayesOhio
38.2%
Ulysses S. GrantOhio
38.1%
William H. TaftOhio
37.9%
Zachary TaylorVirginia
37.7%
George H. W. BushMassachusetts
37.2%
Ronald ReaganIllinois
36.9%
William McKinleyOhio
35.6%
Millard FillmoreNew York
34.8%
Warren G. HardingOhio
34.2%
Benjamin HarrisonOhio
33.2%
Woodrow WilsonVirginia
30.8%
James PolkNorth Carolina
30.2%
James BuchananPennsylvania
29.9%
Franklin PierceNew Hampshire
28.7%
Dwight D. EisenhowerTexas
27.1%
Andrew JohnsonNorth Carolina
26.1%
Calvin CoolidgeVermont
23.7%
Grover ClevelandNew Jersey
21.1%
Herbert HooverIowa
19.7%
Chester A. ArthurVermont
18.4%
Gerald FordNebraska
17.8%

From the Vault

'R' TV Character Match

by metashades

We're not experts, but we don't think that's the right way to play the flute.
Remove Ads.
Support Sporcle.
Get the best of Sporcle when you Go Orange. This ad-free experience offers more features, more stats, and more fun while also helping to support Sporcle. Thank you for becoming a member.

Show Comments

Extras

Top Quizzes Today


Score Distribution

Your Account Isn't Verified!

In order to create a playlist on Sporcle, you need to verify the email address you used during registration. Go to your Sporcle Settings to finish the process.

Report this User

Report this user for behavior that violates our Community Guidelines.

Details: